Представление документа в формате MARC21

Поле Инд. ПП Название Значение
Тип записи a
Библиографический уровень a
001 Контрольный номер 03ce63fbfe7b451fa9138902b8db54dc
005 Дата корректировки 20260702135206.4
040 a Служба первич. каталог. 10013504
041 0_ a Код языка текста rus
100 1_ a Автор Дорогов В.Н.
q Полное имя Дорогов В.Н.
245 10 a Заглавие Исследование помехоустойчивости релейного самонастраивающегося контура демпфирования, работающего в режиме вынужденных колебаний
504 a Библиография Библиогр.: с. 104 (7 назв.)
653 0_ a Ключевые слова АВТОР МАИ
700 12 a Другие авторы Солодова В.Л.
q Полное имя Солодова В.Л.
773 18 a Заголовок основной записи Московский авиационный институт им. С. Орджоникидзе
w Контрольный № источника fbfa3087e78d41ac9e797376397df740
t Название источника Труды института
d Место и дата издания Москва : МАИ, 1970
g Прочая информация Вып. 216. - С. 95-104
901 t Тип документа a